000 00506nam a22001697a 4500
005 20251108164040.0
008 250721s1998 xx 000 0 ara d
082 1 4 _a657.6/حمي
100 1 _aحميدان، عبد الناصر أحمد
245 1 0 _aأساسيات المحاسبة المالية الخاصة /
264 1 _aعمان :
_bدار المسيرة،
_c1998.
300 _a384ص
650 1 7 _aالمحاسبة
650 1 7 _aتدقيق الحسابات
942 _2ddc
_cBK
999 _c2310
_d2310